000
00261nam a2200109Ia 4500
008
220204s9999 xx 000 0 und d
082
_a
82-3MB
_b
ARB
100
_a
Arbor, Jane
245
4
_a
The Devil drives
260
_a
London
_b
Mills and Boon
_c
1979
942
_c
BK
999
_c
35729
_d
35729